[Event "Wellington CC Summer Cup"]
[Site "Wellington"]
[Date "2015.03.19"]
[Round "6"]
[White "Aldridge, Alan L"]
[Black "Roberts, Michael H"]
[Result "1-0"]
[WhiteElo "1966"]
[BlackElo "1721"]
[PlyCount "59"]
[EventDate "2015.02.05"]
[EventType "swiss"]
[EventRounds "8"]
[EventCountry "NZL"]
[SourceTitle "EXT 2018"]
[Source "ChessBase"]
[SourceDate "2017.10.13"]
[SourceVersion "1"]
[SourceVersionDate "2017.10.13"]
[SourceQuality "1"]

1. d4 Nf6 2. c4 g6 3. Nc3 d5 4. e3 Bg7 5. Nf3 0-0 6. cxd5 Nxd5 7. Bc4 Nxc3 8. bxc3 c5 9. 0-0 Qc7 10. Be2 cxd4 11. cxd4 Nc6 12. Qc2 Qd6 13. Rb1 b6 14. Rd1 Bb7 15. Qa4 Na5 16. Qa3 Qc7 17. Bb2 Rac8 18. Rbc1 Qd6 19. Qxd6 exd6 20. Ba3 Rfd8 21. Nd2 Bd5 22. Ba6 Bb7 23. Bxb7 Nxb7 24. Ne4 d5 25. Nc3 Bf8 26. Bxf8 Kxf8 27. Nb5 a6 28. Nc7 a5 29. Rc2 Nd6 30. Rdc1 1-0

[Event "Wellington CC Summer Cup"]
[Site "Wellington"]
[Date "2015.02.12"]
[Round "2"]
[White "Meravanage, Satwik"]
[Black "Roberts, Michael H"]
[Result "0-1"]
[WhiteElo "1300"]
[BlackElo "1721"]
[PlyCount "46"]
[EventDate "2015.02.05"]
[EventType "swiss"]
[EventRounds "8"]
[EventCountry "NZL"]
[SourceTitle "EXT 2018"]
[Source "ChessBase"]
[SourceDate "2017.10.13"]
[SourceVersion "1"]
[SourceVersionDate "2017.10.13"]
[SourceQuality "1"]

1. e4 e5 2. Nf3 Nc6 3. Bc4 Bc5 4. Nc3 Nf6 5. d3 h6 6. Be3 Bxe3 7. fxe3 0-0 8. a3 d6 9. 0-0 Qe7 10. Nh4 Be6 11. Nf5 Bxf5 12. Rxf5 Nd8 13. Nd5 Nxd5 14. exd5 g6 15. Qg4 Kh7 16. Rf3 f5 17. Qg3 Nf7 18. Raf1 Qd7 19. d4 Ng5 20. dxe5 Nxf3+ 21. Rxf3 dxe5 22. Qxe5 Rae8 23. Qd4 Qg7 0-1

[Event "Wellington CC-chB"]
[Site "Wellington"]
[Date "2014.10.23"]
[Round "5"]
[White "Roberts, Michael H"]
[Black "Brockway, Andrew"]
[Result "1-0"]
[WhiteElo "1761"]
[BlackElo "1784"]
[PlyCount "67"]
[EventDate "2014.09.25"]
[EventType "tourn"]
[EventRounds "9"]
[EventCountry "NZL"]
[SourceTitle "EXT 2018"]
[Source "ChessBase"]
[SourceDate "2017.10.13"]
[SourceVersion "1"]
[SourceVersionDate "2017.10.13"]
[SourceQuality "1"]

1. d4 Nf6 2. e3 e6 3. Nf3 c5 4. c3 d5 5. Bd3 b6 6. 0-0 Be7 7. Nbd2 Bb7 8. Re1 Ne4 9. Nxe4 dxe4 10. Bb5+ Kf8 11. Nd2 Nd7 12. c4 Qc7 13. Nf1 Nf6 14. b3 Rd8 15. Bb2 a6 16. Ba4 Ba8 17. Qe2 h5 18. dxc5 Qxc5 19. Red1 Qc7 20. Rxd8+ Bxd8 21. Rd1 Kg8 22. Rd2 g6 23. Qd1 Kg7 24. Rd7 Qb8 25. Ng3 b5 26. cxb5 axb5 27. Bxb5 Qxb5 28. Rxd8 Rxd8 29. Qxd8 e5 30. Qxa8 Qd3 31. Bxe5 Qd1+ 32. Nf1 h4 33. Qc6 h3 34. Qxf6+ 1-0

[Event "Wellington CC-chB"]
[Site "Wellington"]
[Date "2014.10.09"]
[Round "3"]
[White "Roberts, Michael H"]
[Black "Stracy, Don M"]
[Result "1-0"]
[WhiteElo "1761"]
[BlackElo "1855"]
[PlyCount "111"]
[EventDate "2014.09.25"]
[EventType "tourn"]
[EventRounds "9"]
[EventCountry "NZL"]
[SourceTitle "EXT 2018"]
[Source "ChessBase"]
[SourceDate "2017.10.13"]
[SourceVersion "1"]
[SourceVersionDate "2017.10.13"]
[SourceQuality "1"]

1. e4 c5 2. Nf3 e6 3. d4 cxd4 4. Nxd4 Nf6 5. Nc3 Nc6 6. Be2 Bb4 7. Nxc6 bxc6 8. Bg5 h6 9. Bxf6 Qxf6 10. 0-0 0-0 11. Na4 d5 12. c3 Ba5 13. exd5 cxd5 14. Nc5 Bb6 15. Nb3 Bb7 16. Bf3 Rad8 17. Qc2 e5 18. Rad1 Rfe8 19. Bg4 Qf4 20. Qf5 Qxf5 21. Bxf5 g6 22. Bd3 Kg7 23. c4 dxc4 24. Bxc4 Rxd1 25. Rxd1 Rd8 26. Rxd8 Bxd8 27. f3 e4 28. fxe4 Bxe4 29. Nd2 Bc6 30. b4 f5 31. Kf1 Bf6 32. Nb3 Bc3 33. b5 Be4 34. a4 Kf6 35. Nc5 Bc2 36. Bb3 Bxb3 37. Nxb3 Ke5 38. Ke2 Kd5 39. Kd3 Be5 40. h3 g5 41. Na5 Kc5 42. Nc6 Bc7 43. Nxa7 Kb4 44. Nc6+ Kxa4 45. Kc4 Bb6 46. Ne7 f4 47. Ng8 h5 48. Nf6 h4 49. Ne4 Bd8 50. Nc5+ Ka3 51. Ne6 Ka4 52. Nxd8 g4 53. b6 f3 54. gxf3 g3 55. b7 g2 56. b8Q 1-0

[Event "Wellington Mazur Memorial"]
[Site "Wellington"]
[Date "2014.08.07"]
[Round "3"]
[White "Roberts, Michael H"]
[Black "Bennett, Sarah"]
[Result "1-0"]
[WhiteElo "1761"]
[BlackElo "1236"]
[PlyCount "71"]
[EventDate "2014.07.24"]
[EventType "swiss"]
[EventRounds "8"]
[EventCountry "NZL"]
[SourceTitle "EXT 2018"]
[Source "ChessBase"]
[SourceDate "2017.10.13"]
[SourceVersion "1"]
[SourceVersionDate "2017.10.13"]
[SourceQuality "1"]

1. d4 d5 2. c4 c6 3. Nc3 Nf6 4. Nf3 e6 5. Bg5 Nbd7 6. e3 Bd6 7. cxd5 c5 8. dxe6 fxe6 9. Bc4 Nb6 10. Bb5+ Bd7 11. 0-0 Bxb5 12. Nxb5 0-0 13. Rc1 c4 14. e4 Qd7 15. Nxd6 Qxd6 16. e5 Qd5 17. exf6 gxf6 18. Bd2 Kh8 19. Bb4 Rg8 20. b3 Rac8 21. Bc5 Qh5 22. Nd2 Rxg2+ 23. Kxg2 Rg8+ 24. Kh1 Qh4 25. Qf3 Rg6 26. Rg1 Nd5 27. Rxg6 hxg6 28. bxc4 Nf4 29. Qg3 Qh6 30. Bf8 Qxf8 31. Qxf4 g5 32. Qf3 Qh6 33. Rb1 Qg6 34. Rxb7 Qe8 35. Qxf6+ Kg8 36. Qg7# 1-0

[Event "NZL-ch Seniors"]
[Site "Howick"]
[Date "2014.04.04"]
[Round "1"]
[White "Roberts, Michael H"]
[Black "Gibbons, Robert"]
[Result "0-1"]
[WhiteElo "1824"]
[BlackElo "1958"]
[PlyCount "46"]
[EventDate "2014.04.04"]
[EventType "swiss"]
[EventRounds "7"]
[EventCountry "NZL"]
[SourceTitle "EXT 2018"]
[Source "ChessBase"]
[SourceDate "2017.10.13"]
[SourceVersion "1"]
[SourceVersionDate "2017.10.13"]
[SourceQuality "1"]

1. e4 e5 2. Nf3 Nc6 3. Bb5 Bc5 4. 0-0 Qf6 5. c3 h6 6. d4 exd4 7. Bxc6 dxc6 8. cxd4 Bb6 9. Be3 Bg4 10. Nbd2 0-0-0 11. Qa4 Kb8 12. Rfe1 Ne7 13. Ne5 Be6 14. f4 Ng6 15. Nxg6 fxg6 16. Nf3 Rhe8 17. Ne5 Bc8 18. Qb4 Qd6 19. Qxd6 cxd6 20. Nxg6 Rxe4 21. Rad1 Rde8 22. Kf1 Bd8 23. Bd2 Bf5 0-1

[Event "Wellington CC Summer Cup"]
[Site "Wellington"]
[Date "2014.01.30"]
[Round "1"]
[White "Dive, Russell John"]
[Black "Roberts, Michael H"]
[Result "1-0"]
[WhiteElo "2441"]
[BlackElo "1814"]
[PlyCount "57"]
[EventDate "2014.01.30"]
[EventType "swiss"]
[EventRounds "8"]
[EventCountry "NZL"]
[SourceTitle "EXT 2018"]
[Source "ChessBase"]
[SourceDate "2017.10.13"]
[SourceVersion "1"]
[SourceVersionDate "2017.10.13"]
[SourceQuality "1"]

1. Nf3 Nf6 2. c4 g6 3. g3 Bg7 4. Bg2 0-0 5. 0-0 d5 6. cxd5 Nxd5 7. d4 Nd7 8. e4 N5b6 9. Nc3 c5 10. d5 Nc4 11. Qe2 Nde5 12. Nxe5 Nxe5 13. f4 Bg4 14. Qb5 Bd7 15. Qxc5 b6 16. Qe3 Nc4 17. Qd3 Rc8 18. e5 h5 19. h3 b5 20. Ne4 Qb6+ 21. Kh2 Bf5 22. Rd1 Rfd8 23. b3 Bxe4 24. Bxe4 Nd6 25. Be3 Qa5 26. exd6 Bxa1 27. dxe7 Rd7 28. d6 Bg7 29. Bc6 1-0

[Event "NZL-ch Major op"]
[Site "Auckland"]
[Date "2014.01.10"]
[Round "7"]
[White "Mukkattu, Philip"]
[Black "Roberts, Michael H"]
[Result "1-0"]
[WhiteElo "1770"]
[BlackElo "1824"]
[PlyCount "49"]
[EventDate "2014.01.04"]
[EventType "swiss"]
[EventRounds "9"]
[EventCountry "NZL"]
[SourceTitle "EXT 2018"]
[Source "ChessBase"]
[SourceDate "2017.10.13"]
[SourceVersion "1"]
[SourceVersionDate "2017.10.13"]
[SourceQuality "1"]

1. d4 Nf6 2. c4 e6 3. Nc3 Bb4 4. Qc2 c5 5. a3 Bxc3+ 6. bxc3 0-0 7. e4 d6 8. Nf3 Nbd7 9. Bd3 e5 10. d5 h6 11. 0-0 Re8 12. h3 Nf8 13. Nh2 Ng6 14. f4 Nxf4 15. Bxf4 exf4 16. Rxf4 Nh5 17. Rf3 Qg5 18. Qf2 f6 19. Kh1 f5 20. exf5 Qf6 21. Re1 Qf7 22. Rxe8+ Qxe8 23. Ng4 Bd7 24. f6 Bxg4 25. f7+ 1-0

[Event "NZL-ch Major op"]
[Site "Auckland"]
[Date "2014.01.08"]
[Round "5"]
[White "Gold, Hamish R"]
[Black "Roberts, Michael H"]
[Result "1-0"]
[WhiteElo "1828"]
[BlackElo "1824"]
[PlyCount "119"]
[EventDate "2014.01.04"]
[EventType "swiss"]
[EventRounds "9"]
[EventCountry "NZL"]
[SourceTitle "EXT 2018"]
[Source "ChessBase"]
[SourceDate "2017.10.13"]
[SourceVersion "1"]
[SourceVersionDate "2017.10.13"]
[SourceQuality "1"]

1. d4 Nf6 2. Nf3 e6 3. Bg5 c5 4. e3 Qb6 5. Bd3 Be7 6. Qc1 cxd4 7. exd4 Nc6 8. c3 d5 9. Nbd2 Nh5 10. 0-0 Bxg5 11. Nxg5 Nf4 12. Qc2 Nxd3 13. Qxd3 h6 14. Ngf3 Qxb2 15. Ne5 Nxe5 16. dxe5 Qb6 17. Rab1 Qc7 18. Rfe1 0-0 19. Rb4 f5 20. c4 a5 21. Rb2 Rd8 22. cxd5 Rxd5 23. Qg3 Ra6 24. Nf3 Rc6 25. h4 Rc1 26. Rbe2 Rd3 27. Qg6 Bd7 28. Qg3 Rxe1+ 29. Rxe1 Qc3 30. Rb1 Bc6 31. Qg6 Qc2 32. Qxe6+ Kf8 33. Qxf5+ Ke7 34. Rf1 Rc3 35. Qg4 g6 36. Nd4 Qe4 37. Nxc6+ Qxc6 38. Qf4 Qe6 39. Rd1 Rc4 40. Qxh6 Qf7 41. Qg5+ Kf8 42. Qh6+ Ke7 43. Qg5+ Kf8 44. Rd8+ Kg7 45. h5 Rc6 46. Qg4 Qf5 47. h6+ Kh7 48. Qxf5 gxf5 49. Rd6 Rc1+ 50. Kh2 b5 51. Rb6 Rc5 52. f4 a4 53. Kg3 Rc2 54. e6 Rxa2 55. Rxb5 a3 56. Re5 Rb2 57. e7 Rb3+ 58. Kh4 Rb4 59. e8Q Rxf4+ 60. Kg5 1-0

[Event "NZL-ch Major op"]
[Site "Auckland"]
[Date "2014.01.05"]
[Round "2"]
[White "Tionko, Efrain"]
[Black "Roberts, Michael H"]
[Result "1-0"]
[WhiteElo "1844"]
[BlackElo "1824"]
[PlyCount "155"]
[EventDate "2014.01.04"]
[EventType "swiss"]
[EventRounds "9"]
[EventCountry "NZL"]
[SourceTitle "EXT 2018"]
[Source "ChessBase"]
[SourceDate "2017.10.13"]
[SourceVersion "1"]
[SourceVersionDate "2017.10.13"]
[SourceQuality "1"]

1. e4 e5 2. Nf3 Nc6 3. Nc3 Nf6 4. a3 a6 5. d4 exd4 6. Nxd4 Nxd4 7. Qxd4 d6 8. Nd5 Nxd5 9. exd5 Qe7+ 10. Be3 Qe5 11. Bd3 Qxd4 12. Bxd4 f6 13. 0-0 Kf7 14. Rfe1 g6 15. Re2 Bd7 16. Rae1 Re8 17. Rxe8 Bxe8 18. Bxf6 Kxf6 19. Rxe8 Bg7 20. Re4 Kf7 21. Rb4 b5 22. f3 Bh6 23. Kf2 Re8 24. Be4 Kf6 25. a4 bxa4 26. Rxa4 Ra8 27. Ke2 Bf4 28. g3 Be5 29. c3 Ke7 30. Kd3 Rb8 31. b4 Rb6 32. Ra2 Kd7 33. f4 Bf6 34. g4 Kd8 35. g5 Bg7 36. h4 Ke7 37. h5 Kf7 38. hxg6+ hxg6 39. Ra3 Bf8 40. Ke3 Bg7 41. Kf3 Bf8 42. Kg4 Bg7 43. f5 gxf5+ 44. Kxf5 Be5 45. g6+ Ke7 46. Kg5 Bg7 47. Kf4 Be5+ 48. Ke3 Kf6 49. Kd3 Kg7 50. Ra2 Bf6 51. Kc4 Be5 52. Kb3 Bf6 53. c4 Be5 54. Ka4 Bc3 55. b5 axb5+ 56. cxb5 Rb8 57. Rh2 Rh8 58. Rc2 Ra8+ 59. Kb3 Ba5 60. Ra2 Re8 61. Rxa5 Rxe4 62. Ra7 Rd4 63. Rxc7+ Kxg6 64. b6 Rxd5 65. Kc4 Rd1 66. Kb5 Kf6 67. Rc4 d5 68. Rc5 d4 69. Kc6 Re1 70. Rd5 Rc1+ 71. Kd7 Rb1 72. Kc7 Rc1+ 73. Kb8 Ke6 74. Rxd4 Rb1 75. b7 Rh1 76. Ra4 Rh8+ 77. Ka7 Rh7 78. Ka8 1-0

[Event "Wellington Mazur Memorial"]
[Site "Wellington"]
[Date "2013.11.14"]
[Round "4"]
[White "Nyberg, Michael"]
[Black "Roberts, Michael H"]
[Result "1-0"]
[WhiteElo "2027"]
[BlackElo "1781"]
[PlyCount "45"]
[EventDate "2013.10.26"]
[EventType "swiss"]
[EventRounds "8"]
[EventCountry "NZL"]
[SourceTitle "EXT 2018"]
[Source "ChessBase"]
[SourceDate "2017.10.13"]
[SourceVersion "1"]
[SourceVersionDate "2017.10.13"]
[SourceQuality "1"]

1. e4 e5 2. Nc3 Nc6 3. Bc4 Nf6 4. d3 Be7 5. Be3 0-0 6. h3 Na5 7. Bb5 a6 8. Ba4 b5 9. Bb3 Nxb3 10. axb3 Bb7 11. Nf3 d6 12. g4 b4 13. Ne2 Nd7 14. Ng3 d5 15. exd5 Bxd5 16. Nf5 Bc5 17. Bxc5 Nxc5 18. Ra5 Bxf3 19. Qxf3 Nd7 20. Qc6 Qg5 21. 0-0 g6 22. Qxd7 gxf5 23. Rxe5 1-0

[Event "Wellington CC-chB"]
[Site "Wellington"]
[Date "2013.09.12"]
[Round "7"]
[White "Rossiter, Philip E"]
[Black "Roberts, Michael H"]
[Result "1/2-1/2"]
[WhiteElo "1836"]
[BlackElo "1781"]
[PlyCount "93"]
[EventDate "2013.08.01"]
[EventType "tourn"]
[EventRounds "11"]
[EventCountry "NZL"]
[SourceTitle "EXT 2018"]
[Source "ChessBase"]
[SourceDate "2017.10.13"]
[SourceVersion "1"]
[SourceVersionDate "2017.10.13"]
[SourceQuality "1"]

1. d4 Nf6 2. c4 g6 3. Nc3 d5 4. cxd5 Nxd5 5. g3 Bg7 6. Bg2 Nxc3 7. bxc3 c5 8. e3 Nd7 9. Ne2 0-0 10. 0-0 Rb8 11. Rb1 b6 12. Bb2 Ba6 13. Qd2 Bc4 14. Ba3 Qc7 15. Rfd1 Rfe8 16. Nf4 e6 17. Nd3 Rbd8 18. Qc2 Bd5 19. e4 Bb7 20. dxc5 Nxc5 21. Nf4 Bc6 22. Bxc5 bxc5 23. Nd3 Qa5 24. Nf4 Rxd1+ 25. Qxd1 Rd8 26. Qb3 Qxc3 27. Qxc3 Bxc3 28. Ne2 Bb4 29. Nf4 Rd2 30. h4 Rxa2 31. Nd3 a5 32. Ne5 Bb5 33. Nf3 Re2 34. Bf1 Rxe4 35. Bxb5 c4 36. Bc6 Rg4 37. Rc1 c3 38. Kf1 Rc4 39. Bb5 Rc7 40. Ke2 Kf8 41. Ba4 Ba3 42. Rc2 Bb2 43. Kd3 Rb7 44. Nd4 Rb4 45. Bc6 Rb6 46. Ba4 Rb4 47. Bc6 1/2-1/2

[Event "North Island-ch"]
[Site "Wellington"]
[Date "2013.04.01"]
[Round "8"]
[White "Roberts, Michael H"]
[Black "Shierlaw, Hamish"]
[Result "1-0"]
[WhiteElo "1841"]
[BlackElo "1607"]
[PlyCount "95"]
[EventDate "2013.03.29"]
[EventType "swiss"]
[EventRounds "8"]
[EventCountry "NZL"]
[SourceTitle "EXT 2018"]
[Source "ChessBase"]
[SourceDate "2017.10.13"]
[SourceVersion "1"]
[SourceVersionDate "2017.10.13"]
[SourceQuality "1"]

1. e4 e5 2. Nf3 d6 3. d4 exd4 4. Nxd4 Nf6 5. Nc3 Be7 6. Bc4 0-0 7. 0-0 Bd7 8. Bb3 Nc6 9. Nxc6 Bxc6 10. f3 Qd7 11. Be3 a6 12. a4 b5 13. Qe1 b4 14. Ne2 a5 15. Nd4 Rfd8 16. Nxc6 Qxc6 17. Rd1 Rab8 18. Qf2 Qe8 19. g4 Nd7 20. g5 Ne5 21. Qg2 Qc6 22. f4 Nc4 23. Bc1 Qc5+ 24. Qf2 Qxf2+ 25. Kxf2 Nb6 26. f5 g6 27. fxg6 hxg6 28. Ke2 Rf8 29. h4 Kg7 30. Be3 Nd7 31. Rd5 Ra8 32. Bd4+ f6 33. Rb5 Rfb8 34. gxf6+ Bxf6 35. Bxf6+ Nxf6 36. Rg5 Rf8 37. Rfg1 Nxe4 38. Rxg6+ Kh7 39. Bd5 Rae8 40. Kd3 Nc5+ 41. Kc4 Nxa4 42. Bc6 Nb6+ 43. Kb5 Re5+ 44. Ka6 Rf7 45. Rg8 Rfe7 46. Bb5 a4 47. Bd3+ Kh6 48. Rh8+ 1-0

[Event "Wellington CC Summer Cup"]
[Site "Wellington"]
[Date "2013.02.14"]
[Round "2"]
[White "Turner, Michael George"]
[Black "Roberts, Michael H"]
[Result "1-0"]
[WhiteElo "2139"]
[BlackElo "1839"]
[PlyCount "61"]
[EventDate "2013.02.07"]
[EventType "swiss"]
[EventRounds "8"]
[EventCountry "NZL"]
[SourceTitle "EXT 2018"]
[Source "ChessBase"]
[SourceDate "2017.10.13"]
[SourceVersion "1"]
[SourceVersionDate "2017.10.13"]
[SourceQuality "1"]

1. d4 Nf6 2. c4 g6 3. g3 Bg7 4. Bg2 0-0 5. Nf3 d6 6. 0-0 c5 7. Nc3 Nbd7 8. e3 Rb8 9. Qe2 b6 10. Bd2 a6 11. a4 Bb7 12. d5 Re8 13. e4 e6 14. dxe6 Rxe6 15. Ng5 Re8 16. f4 h6 17. Nh3 Nxe4 18. Nxe4 f5 19. Bc3 Bxe4 20. Bxg7 Kxg7 21. Rad1 Nf6 22. b4 Bxg2 23. Qxg2 Ne4 24. g4 Kf7 25. gxf5 gxf5 26. Rd5 Rg8 27. Ng5+ hxg5 28. Rxf5+ Ke6 29. Qxe4+ Kd7 30. Rf7+ Kc8 31. Qe6+ 1-0

[Event "NZL-ch Major op"]
[Site "Wellington"]
[Date "2013.01.08"]
[Round "9"]
[White "Nijman, Arie J"]
[Black "Roberts, Michael H"]
[Result "0-1"]
[WhiteElo "1882"]
[BlackElo "1841"]
[PlyCount "104"]
[EventDate "2012.12.31"]
[EventType "swiss"]
[EventRounds "11"]
[EventCountry "NZL"]
[SourceTitle "CBM 152 Extra"]
[Source "ChessBase"]
[SourceDate "2013.02.25"]
[SourceVersion "1"]
[SourceVersionDate "2013.02.25"]
[SourceQuality "1"]

1. e4 e6 2. d4 d5 3. Nc3 Bb4 4. a3 Bxc3+ 5. bxc3 dxe4 6. Qg4 Nf6 7. Qxg7 Rg8 8. Qh6 Nbd7 9. Ne2 b6 10. Ng3 Bb7 11. Qd2 Qe7 12. a4 0-0-0 13. a5 h5 14. axb6 axb6 15. Ba6 h4 16. Bxb7+ Kxb7 17. Ba3 Qe8 18. Ne2 Ne5 19. Qf4 Ned7 20. Qxh4 Rg4 21. Qh6 Qg8 22. Ng3 Rg6 23. Qe3 Qg7 24. Nxe4 Nd5 25. Qd3 f5 26. Ng3 f4 27. Ne2 Rxg2 28. c4 f3 29. Ng3 Ne7 30. c5 Nb8 31. 0-0-0 Nbc6 32. c3 Rh8 33. cxb6 cxb6 34. Rhe1 Rhxh2 35. Rf1 Na5 36. Qe3 Nc4 37. Qxf3+ Nd5 38. Bb4 Ka7 39. Nh5 Qg5+ 40. Kc2 Rxh5 41. Qf8 Qf5+ 42. Qxf5 exf5 43. Kb3 Na5+ 44. Bxa5 bxa5 45. c4 Rh3+ 46. Ka4 Nc3+ 47. Kxa5 Nxd1 48. Rxd1 Rxf2 49. d5 Rb2 50. Ka4 Kb6 51. d6 Kc5 52. d7 Ra2# 0-1

[Event "NZL-ch Major op"]
[Site "Wellington"]
[Date "2013.01.07"]
[Round "8"]
[White "Roberts, Michael H"]
[Black "Cunningham, Patrick D"]
[Result "1-0"]
[WhiteElo "1841"]
[BlackElo "1505"]
[PlyCount "67"]
[EventDate "2012.12.31"]
[EventType "swiss"]
[EventRounds "11"]
[EventCountry "NZL"]
[SourceTitle "CBM 152 Extra"]
[Source "ChessBase"]
[SourceDate "2013.02.25"]
[SourceVersion "1"]
[SourceVersionDate "2013.02.25"]
[SourceQuality "1"]

1. d4 Nf6 2. c4 e6 3. Nf3 Bb4+ 4. Bd2 c5 5. Bxb4 cxb4 6. Nbd2 0-0 7. e4 d5 8. e5 Nfd7 9. Bd3 Nc6 10. 0-0 f6 11. Re1 dxc4 12. Nxc4 fxe5 13. dxe5 Nc5 14. Nd6 Nxd3 15. Qxd3 Qe7 16. Rad1 b6 17. Qc2 Bd7 18. h4 Rxf3 19. gxf3 Qxh4 20. Qe4 Qg5+ 21. Qg4 Qe7 22. f4 Rf8 23. Re3 a5 24. Rh3 Nd8 25. Rdd3 Nf7 26. Qh5 h6 27. Qh4 g5 28. Qh5 g4 29. Qg6+ Kh8 30. Nxf7+ Rxf7 31. Rxh6+ Rh7 32. Rxh7+ Qxh7 33. Qxh7+ Kxh7 34. Rxd7+ 1-0

[Event "NZL-ch Major op"]
[Site "Wellington"]
[Date "2013.01.03"]
[Round "4"]
[White "Roberts, Michael H"]
[Black "Cooper, Nigel"]
[Result "0-1"]
[WhiteElo "1841"]
[BlackElo "1662"]
[PlyCount "78"]
[EventDate "2012.12.31"]
[EventType "swiss"]
[EventRounds "11"]
[EventCountry "NZL"]
[SourceTitle "CBM 152 Extra"]
[Source "ChessBase"]
[SourceDate "2013.02.25"]
[SourceVersion "1"]
[SourceVersionDate "2013.02.25"]
[SourceQuality "1"]

1. d4 d5 2. c4 c6 3. Nf3 Nf6 4. Nc3 dxc4 5. a4 Bf5 6. e3 e6 7. Bxc4 Bb4 8. 0-0 Nbd7 9. Qe2 0-0 10. e4 Bg4 11. h3 Bxf3 12. Qxf3 Nb6 13. Bb3 Qxd4 14. a5 Nbd7 15. Rd1 Qc5 16. Be3 Qe7 17. Bg5 h6 18. Bh4 Rfd8 19. Bc2 Ne5 20. Qe2 Rxd1+ 21. Nxd1 Rd8 22. Nc3 Ng6 23. Bg3 e5 24. a6 b5 25. Rd1 Rxd1+ 26. Nxd1 Qc5 27. Ne3 Qb6 28. Qd3 Qxa6 29. Qd8+ Bf8 30. Qc7 Qa1+ 31. Kh2 Qxb2 32. Qxc6 b4 33. Qc4 Qd4 34. Qa2 Nxe4 35. Nf5 Nc3 36. Nxd4 Nxa2 37. Nc6 Bc5 38. Nxe5 Nxe5 39. Bxe5 Bxf2 0-1

[Event "Wellington Mazur Memorial"]
[Site "Wellington"]
[Date "2012.11.29"]
[Round "5"]
[White "Frater, Dylan"]
[Black "Roberts, Michael H"]
[Result "0-1"]
[WhiteElo "1596"]
[BlackElo "1843"]
[PlyCount "44"]
[EventDate "2012.11.01"]
[EventType "swiss"]
[EventRounds "7"]
[EventCountry "NZL"]
[SourceTitle "EXT 2018"]
[Source "ChessBase"]
[SourceDate "2017.10.13"]
[SourceVersion "1"]
[SourceVersionDate "2017.10.13"]
[SourceQuality "1"]

1. d4 Nf6 2. c4 g6 3. Nc3 d5 4. f3 Bg7 5. cxd5 Nxd5 6. e4 Nxc3 7. bxc3 0-0 8. Bd3 c5 9. Ne2 Nc6 10. dxc5 Qa5 11. 0-0 Qxc5+ 12. Kh1 Rd8 13. Qc2 Nb4 14. Qb3 Nxd3 15. h3 Be6 16. Qc2 Bc4 17. Kh2 Ba6 18. Rd1 Nf2 19. Rxd8+ Rxd8 20. Bf4 e5 21. Bg3 Bh6 22. Bxf2 Qxf2 0-1